El origen de los Payachatas: una leyenda del norte de Chile

Saved in:
Bibliografiske detaljer
Format: Bog
Sprog:spansk
Udgivet: Santiago Amapola Editores 2010
Udgivelse:1a. ed
Serier:Leyendas Chilenas para el Mundo, 3
Fag:
Tags: Tilføj Tag
Ingen Tags, Vær først til at tagge denne postø!

MARC

LEADER 00000nam a2200000 a 4500
001 UCG6073
003 CL-VaPUC
008 110331e20101100CL |||||||||||||||||spa|d
020 |a 9789568757076 
082 0 4 |a 9  |b ORI  |2 21 
245 1 3 |a El origen de los Payachatas: una leyenda del norte de Chile 
250 |a 1a. ed 
300 |a 21 p 
942 |c BK 
945 |d 20110331 00:00:00  |a jcampos 
260 |a Santiago  |b Amapola Editores  |c 2010 
500 |a Ilustraciones de Jorge Verdugo 
650 0 |a Cuentos infantiles  |9 308044 
650 0 |a Leyendas chilenas  |9 310059 
583 |a last modification  |c 20110331 00:00:00  |k Rodrigo Vera 
490 0 |a Leyendas Chilenas para el Mundo, 3 
999 |c 344371  |d 344369 
952 |0 0  |1 0  |4 0  |6 9_000000000000000_ORI_2010  |7 0  |8 C  |9 442311  |a BIBCUR  |b BIBCUR  |d 2019-11-22  |i 4762029  |o 9 ORI 2010  |p 4762029  |r 2025-04-22  |w 2019-11-22  |y BK  |k INF